| 000 | 00898nam a22002177a 4500 | ||
|---|---|---|---|
| 005 | 20120430140814.0 | ||
| 010 | _a | ||
| 020 |
_a 8190217763 _c200.00 |
||
| 035 | _aB-168674 | ||
| 037 | _bPUB | ||
| 082 | _a418.02 | ||
| 100 |
_aदास, मंजुला _946073 |
||
| 245 |
_aअनुवाद क्या है ? / _cमंजुला दास |
||
| 260 |
_aदिल्ली _bज्योति इन्टरप्राइजिज _c2005 |
||
| 270 |
_a _b _e _k |
||
| 300 |
_a147पृ. _c22सेमी (सजिल्द) |
||
| 650 |
_aहिन्दी भाषा _xव्याकरण _946074 |
||
| 700 |
_aकौशिक, ओमप्रकाश _945986 |
||
| 942 |
_2ddc _cHN _mदासम _h418.02 |
||
| 999 |
_c65848 _d65848 |
||